How to be PC with leases (Record no. 76234)

MARC details
000 -LEADER
fixed length control field 00778cab a2200169 4500
001 - CONTROL NUMBER
control field ##L131668
008 - FIXED-LENGTH DATA ELEMENTS--GENERAL INFORMATION
fixed length control field 051129n2005 000 0 eng u
035 ## - SYSTEM CONTROL NUMBER
System control number (Sirsi) u131668
041 0# - LANGUAGE CODE
Language code of text/sound track or separate title eng
100 1# - MAIN ENTRY--PERSONAL NAME
Personal name Rees, David
245 00 - TITLE STATEMENT
Title How to be PC with leases
260 ## - PUBLICATION, DISTRIBUTION, ETC.
Date of publication, distribution, etc. 2005
490 ## - SERIES STATEMENT
Series statement Law Society`s Gazette
Volume/sequential designation 10 November 2005, 32(1)
520 ## - SUMMARY, ETC.
Summary, etc. Discusses the introduction of Prescribed Clauses Leases (PCL) in two stages, as required by the Land Registration (Amendment) (No.2) Rules, 2005. Looks at which leases are affected and sets out the 14 prescribed clauses while considering the consequences of incomplete PCL completion.
690 ## - LOCAL SUBJECT ADDED ENTRY--TOPICAL TERM (OCLC, RLIN)
Topical term or geographic name as entry element PROPERTY-COMMERCIAL PROPERTY-LEASEHOLD COMMERCIAL PROPERTY-COMMERCIAL LANDLORD AND TENANT-COMMERCIAL LEASES
942 ## - ADDED ENTRY ELEMENTS (KOHA)
Suppress in OPAC 0
Holdings
Withdrawn status Lost status Source of classification or shelving scheme Damaged status Not for loan Home library Current library Shelving location Date acquired Total Checkouts Full call number Barcode Date last seen Copy number Price effective from Koha item type
    Dewey Decimal Classification     London London Journal article 29/11/2005   L131668 131668-1001 06/08/2019 1 06/08/2019 Journal article